Bonaparte (Record no. 70015)

000 -LEADER
fixed length control field 01056cam a2200313 a 4500
001 - CONTROL NUMBER
control field 12167590
003 - CONTROL NUMBER IDENTIFIER
control field NUST - PNEC
005 - DATE AND TIME OF LATEST TRANSACTION
control field 20170116181132.0
008 - FIXED-LENGTH DATA ELEMENTS--GENERAL INFORMATION
fixed length control field 980814s1997 enkab b 001 0beng d
010 ## - LIBRARY OF CONGRESS CONTROL NUMBER
LC control number 00690723
020 ## - INTERNATIONAL STANDARD BOOK NUMBER
International Standard Book Number 1853266787
040 ## - CATALOGING SOURCE
Original cataloging agency ZQP
Transcribing agency LIBRARY
Modifying agency DLC
043 ## - GEOGRAPHIC AREA CODE
Geographic area code e-fr---
050 00 - LIBRARY OF CONGRESS CALL NUMBER
Classification number DC203
Item number .B25 1997
082 00 - DEWEY DECIMAL CLASSIFICATION NUMBER
Classification number 944.05092 BAR
-- B
Edition number 21
100 1# - MAIN ENTRY--PERSONAL NAME
Personal name Barnett, Correlli.
245 00 - TITLE STATEMENT
Title Bonaparte
Statement of responsibility, etc. Correlli Barnett.
260 ## - PUBLICATION, DISTRIBUTION, ETC.
Place of publication, distribution, etc. Ware, Hertfordshire :
Name of publisher, distributor, etc. Wordsworth Editions,
Date of publication, distribution, etc. c.1997.
300 ## - PHYSICAL DESCRIPTION
Extent 224 p. :
Other physical details ill., maps ;
Dimensions 24 cm.
440 #0 - SERIES STATEMENT/ADDED ENTRY--TITLE
Title Wordsworth military library
504 ## - BIBLIOGRAPHY, ETC. NOTE
Bibliography, etc. note Includes bibliographical references (p. 219) and index.
600 00 - SUBJECT ADDED ENTRY--PERSONAL NAME
Personal name Napoleon
Numeration I,
Titles and other words associated with a name Emperor of the French,
Dates associated with a name 1769-1821.
650 ## - SUBJECT ADDED ENTRY--TOPICAL TERM
9 (RLIN) 14025
Topical term or geographic name entry element Bonaparte
General subdivision General
651 #0 - SUBJECT ADDED ENTRY--GEOGRAPHIC NAME
Geographic name France
General subdivision Kings and rulers
Form subdivision Biography.
651 #0 - SUBJECT ADDED ENTRY--GEOGRAPHIC NAME
Geographic name France
General subdivision History
Chronological subdivision 1789-1815.
906 ## - LOCAL DATA ELEMENT F, LDF (RLIN)
a 7
b cbc
c orignew
d 2
e ncip
f 19
g y-gencatlg
942 ## - ADDED ENTRY ELEMENTS (KOHA)
Source of classification or shelving scheme
Koha item type Book
Holdings
Withdrawn status Lost status Source of classification or shelving scheme Damaged status Not for loan Permanent Location Current Location Shelving location Date acquired Total Checkouts Full call number Barcode Date last seen Price effective from Koha item type
          Pakistan Navy Engineering College (PNEC) Pakistan Navy Engineering College (PNEC)       944.05092 BAR PNECLIB-031917 10/06/2015   Book
© 2023 Central Library, National University of Sciences and Technology. All Rights Reserved.